000 00418nam a2200169Ia 4500
003 OSt
005 20260401095819.0
008 250729s2010 xx 000 0 und d
040 _cAL
041 _akan
082 _a494.50 THIT
100 _aKarnataka Govt
_9230771
245 _aThiligannada - 10th Std
260 _aBangalore
_bKarnataka Text Book Socity
_c2010
650 _aKannada
_9230772
942 _2ddc
_cBED
999 _c238948
_d238948